| Поле | Инд. | ПП | Название | Значение |
|---|---|---|---|---|
| Тип записи | a | |||
| Библиографический уровень | m | |||
| 001 | Контрольный номер | a7b888d908a3499b88caa4700cdb48fc | ||
| 005 | Дата корректировки | 20230919162436.4 | ||
| 008 | Кодируемые данные | 230919s1992 ru |||||||||||000|||rus|d | ||
| 040 | a | Служба первич. каталог. | ЦГБ г. В. Луки | |
| b | Код языка каталог. | rus | ||
| 041 | 0_ | a | Код языка текста | rus |
| 084 | 2 | Источник индекса | rubbk | |
| a | Индекс другой классификации/Индекс ББК | 75.0 | ||
| 090 | x | Авторский знак | Т 52 | |
| j | Имя библиотеки | ЦГБ г. В. Луки | ||
| 097 | b | Оператор | САВ-р | |
| 100 | 1_ | a | Автор | Толкачев Б. С. |
| 245 | 10 | a | Заглавие | Физкультурный заслон ОРЗ |
| c | Ответственность | Б. С. Толкачев | ||
| 260 | a | Место издания | Москва | |
| b | Издательство | Физкультура и спорт | ||
| c | Дата издания | 1992 | ||
| 300 | a | Объем | 174, [2] с. | |
| b | Иллюстрации/ тип воспроизводства | ил. | ||
| 490 | 00 | a | Заглавие серии | Физкультура и здоровье |
| 650 | 14 | a | Основная рубрика | Физическое воспитание |
| 653 | 1_ | a | Ключевые слова | физическое воспитание |
| 901 | t | Тип документа | m |